| 000 | 00353pab a2200145 454500 | ||
|---|---|---|---|
| 008 | 180718b1986 xxu||||| |||| 00| 0 eng d | ||
| 100 | _aMukhopadhyay, B.K. | ||
| 245 |
_aEdible oils _bProspects far from encouraging |
||
| 260 | _c1986 | ||
| 300 | _a81-2 | ||
| 362 | _a12 July | ||
| 650 | _aOils And Fats, Edible | ||
| 773 | _aCommerce | ||
| 909 | _a14369 | ||
| 999 |
_c14369 _d14369 |
||